| 000 | 00459nam a2200145 4500 | ||
|---|---|---|---|
| 245 |
_aAdministration of justice in Mizoram _cby R.N. Prasad, and P. Chakraborty |
||
| 100 | _aPrasad, R. N. | ||
| 710 | _aChakraborty, P. | ||
| 260 |
_aNew Delhi _bMittal Publications _cc2006 |
||
| 300 | _ax,145p.; 18cm. | ||
| 020 | _a8183240593 | ||
| 082 |
_a347.54166013 _bPRA |
||
| 650 | _aJudicial administration--Mizoram(India) | ||
| 650 | _aCourt management--Mizoram(India) | ||
| 999 |
_c70213 _d70213 |
||